Quản lý nhà nước đối với thị trường chứng khoán Việt Nam trong hội nhập Quốc tế : (Sách chuyên khảo)
Nội dung sách giới thiệu tổng quan về quản lý nhà nước, một số nước đối với thị trường chứng khoán. Quản lý nhà nước đối với thị trường chứng khoán Việt Nam giai đoạn từ 2000 đến nay. Hoàn thiện quản lý nhà nước đối với thị tru...
Saved in:
| Main Author: | |
|---|---|
| Format: | Book |
| Language: | Undetermined |
| Published: |
Hà Nội
Khoa học Xã hội
2019
|
| Subjects: | |
| Tags: |
Add Tag
No Tags, Be the first to tag this record!
|
| Institutions: | Trung tâm Học liệu Trường Đại học Cần Thơ |
|---|
| LEADER | 01245nam a2200229Ia 4500 | ||
|---|---|---|---|
| 001 | CTU_233283 | ||
| 008 | 210402s9999 xx 000 0 und d | ||
| 082 | |a 354.8809597 | ||
| 082 | |b T502 | ||
| 100 | |a Trần, Minh Tuấn | ||
| 245 | 0 | |a Quản lý nhà nước đối với thị trường chứng khoán Việt Nam trong hội nhập Quốc tế : | |
| 245 | 0 | |b (Sách chuyên khảo) | |
| 245 | 0 | |c Trần Minh Tuấn, Bùi Kim Thanh | |
| 260 | |a Hà Nội | ||
| 260 | |b Khoa học Xã hội | ||
| 260 | |c 2019 | ||
| 520 | |a Nội dung sách giới thiệu tổng quan về quản lý nhà nước, một số nước đối với thị trường chứng khoán. Quản lý nhà nước đối với thị trường chứng khoán Việt Nam giai đoạn từ 2000 đến nay. Hoàn thiện quản lý nhà nước đối với thị trường chứng khoán Việt Nam trong hội nhập Quốc tế. | ||
| 650 | |a Gia đình,Families | ||
| 650 | |x Khía cạnh kinh tế,Economic aspects | ||
| 650 | |z Việt Nam,Vietnam | ||
| 910 | |b vdbang | ||
| 980 | |a Trung tâm Học liệu Trường Đại học Cần Thơ | ||